|
|
|
|
| LEADER |
00000nab a2200000 a 4500 |
| 001 |
vtls000924115 |
| 003 |
SK-MaSNL |
| 005 |
20260318132741.0 |
| 008 |
040720e19960202xo 0 hun |
| 035 |
|
|
|a KE32992
|
| 040 |
|
|
|a KEVKJB
|b slo
|c KEVKJB
|e AACR2
|
| 041 |
1 |
|
|h slo
|
| 044 |
|
|
|a xo
|c SK
|
| 080 |
|
|
|a 373.31
|2 1981
|
| 100 |
0 |
|
|a -vk-
|4 aut
|9 859495
|
| 245 |
1 |
0 |
|a Magyar gyereket magyar iskolába!
|
| 650 |
0 |
7 |
|a základné školy s vyučovacím jazykom maďarským
|2 KEVKJB
|9 87207
|
| 650 |
0 |
7 |
|a zápis do základnej školy
|2 KEVKJB
|9 1040927
|
| 651 |
|
7 |
|a Košice (Slovensko)
|2 KEVKJB
|9 18694
|
| 651 |
|
7 |
|a Moldava nad Bodvou (Slovensko)
|2 KEVKJB
|9 20255
|
| 651 |
|
7 |
|a Turňa nad Bodvou (Slovensko)
|2 KEVKJB
|9 30010
|
| 651 |
|
7 |
|a KS,
|2 KEVKJB
|9 880381
|
| 655 |
|
7 |
|a periodikum
|2 snkbucl
|9 29553
|
| 773 |
0 |
8 |
|t Új Szó
|g Roč. 49
|g Roč. 28, č.27, 2.2.1996, s. 1,3
|
| 852 |
|
|
|a ZVYKNI
|b KIS3GCP
|
| 999 |
|
|
|c 2149239
|d 2151169
|